<?xml version="1.0" encoding="UTF-8"?>
<record
    xmlns:xsi="http://www.w3.org/2001/XMLSchema-instance"
    xsi:schemaLocation="http://www.loc.gov/MARC21/slim http://www.loc.gov/standards/marcxml/schema/MARC21slim.xsd"
    xmlns="http://www.loc.gov/MARC21/slim">

  <leader>00751cam a22002414a 4500</leader>
  <controlfield tag="001">sa 68012660 </controlfield>
  <controlfield tag="003">DLC</controlfield>
  <controlfield tag="005">20260227112613.0</controlfield>
  <controlfield tag="008">940615s1967    pk            000 0durdo </controlfield>
  <datafield tag="010" ind1=" " ind2=" ">
    <subfield code="a">sa 68012660 </subfield>
  </datafield>
  <datafield tag="025" ind1=" " ind2=" ">
    <subfield code="a">PL480:P-U-1853</subfield>
  </datafield>
  <datafield tag="035" ind1=" " ind2=" ">
    <subfield code="a">(OCoLC)30612824</subfield>
  </datafield>
  <datafield tag="040" ind1=" " ind2=" ">
    <subfield code="a">DLC</subfield>
    <subfield code="c">DLC</subfield>
    <subfield code="d">DLC</subfield>
  </datafield>
  <datafield tag="043" ind1=" " ind2=" ">
    <subfield code="a">a-ii---</subfield>
    <subfield code="a">a-pk---</subfield>
  </datafield>
  <datafield tag="050" ind1="0" ind2="0">
    <subfield code="a">DS386</subfield>
    <subfield code="b">.A67 1967</subfield>
  </datafield>
  <datafield tag="100" ind1="1" ind2=" ">
    <subfield code="a">&#x2BB;&#x100;l&#x12B;, &#x1E24;ij&#x101;b Imtiy&#x101;z.</subfield>
  </datafield>
  <datafield tag="245" ind1="1" ind2="0">
    <subfield code="a">Mom batt&#x12B; ke s&#x101;mne :</subfield>
    <subfield code="b">z&#x332;&#x101;t&#x12B; rozn&#x101;mce ke aur&#x101;q /</subfield>
    <subfield code="c">&#x1E24;ij&#x101;b Imtiy&#x101;z &#x2BB;Al&#x12B;.</subfield>
  </datafield>
  <datafield tag="260" ind1=" " ind2=" ">
    <subfield code="a">L&#x101;haur :</subfield>
    <subfield code="b">&#x100;&#x2BC;&#x12B;nah-yi Adab,</subfield>
    <subfield code="c">1967.</subfield>
  </datafield>
  <datafield tag="300" ind1=" " ind2=" ">
    <subfield code="a">149 p. ;</subfield>
    <subfield code="c">19 cm.</subfield>
  </datafield>
  <datafield tag="546" ind1=" " ind2=" ">
    <subfield code="a">In Urdu.</subfield>
  </datafield>
  <datafield tag="650" ind1=" " ind2="0">
    <subfield code="a">India-Pakistan Conflict, 1965</subfield>
    <subfield code="v">Personal narratives, Pakistani.</subfield>
  </datafield>
  <datafield tag="600" ind1="1" ind2="0">
    <subfield code="a">&#x2BB;&#x100;l&#x12B;, &#x1E24;ij&#x101;b Imtiy&#x101;z</subfield>
    <subfield code="v">Diaries.</subfield>
  </datafield>
  <datafield tag="999" ind1=" " ind2=" ">
    <subfield code="c">84660</subfield>
    <subfield code="d">84660</subfield>
  </datafield>
</record>
